00276 a2200121 4500001000700000020001400007040003500021100001600056240003400072245002900106300001000135362000900145146532 a978851606 cEscola São Tomás de Aquino aROCHA, Ruth10aMacacote e Porco Pançalpor10aMacacote e Porco Pança a37 p.0 a2009